000 00499nam a2200181Ia 4500
005 20250508155913.0
008 008 250505s9999 xx 000 0 eng d
037 _aBooks to be hide in OPAC
040 _aFEDL
_beng
_cFEDL
041 _aeng
_2eng
084 _a338.947 057, BOL/O
_qFEDL
100 _aBolshakov V
_9767774
245 0 _aSovit-Indian economic cooperation
260 _c1968
300 _a63p.
942 _cHB
_h338.947 057, BOL/O
999 _c1359981
_d1359981